| 000 | 00687nam a22002417a 4500 | ||
|---|---|---|---|
| 003 | UA-OsUOA | ||
| 001 | 46386 | ||
| 007 | ta | ||
| 008 | 20120217b un ||||| |||| 00| 0 ukr d | ||
| 100 | _aВасилев Орлин | ||
| 090 |
_a82-32 _bВ19 |
||
| 942 | _cBK | ||
| 040 |
_aUA-OsUOA _bchu _cUA-OsUOA _dUA-OsUOA |
||
| 245 | _aХайдутин майка не храни | ||
| 300 | _a249 с. | ||
| 955 | _a3 | ||
| 041 | _achu | ||
| 080 | _a82-32 | ||
| 260 | _bХемус | ||
| 650 | 7 |
_a82 Література. Літературознавство _2UDC |
|
| 999 |
_c426489 _d426489 |
||